[Event "4NCL Division Three East"]
[Site "Daventry, ENG"]
[Date "2023.01.08"]
[Round "4.66"]
[White "Myall, Ivan J"]
[Black "Hatchett, Paul"]
[Result "0-1"]
[WhiteElo "1977"]
[BlackElo "1959"]
[PlyCount "78"]
[EventDate "2023.01.08"]
[WhiteTeam "Anglian Avengers 1"]
[BlackTeam "Rhyfelwyr Essyllwg"]

1. d4 Nf6 2. Bf4 g6 3. Nc3 Bg7 4. e4 d6 5. Be2 c6 6. Nf3 O-O 7. Qd2 b5 8. a3
Bb7 9. Bh6 a5 10. Bxg7 Kxg7 11. Qf4 b4 12. Nd1 Nbd7 13. Ne3 e5 14. dxe5 dxe5
15. Qh4 c5 16. Bd3 Nxe4 17. Bxe4 Qxh4 18. Bxb7 Qd8 19. Bxa8 Qxa8 20. axb4 cxb4
21. O-O Rc8 22. b3 e4 23. Nd2 Ne5 24. Ndc4 Nxc4 25. Nxc4 Rc5 26. Ra2 Qd8 27. h3
f5 28. Rfa1 Qd4 29. g3 g5 30. Ne3 f4 31. Rd1 Qf6 32. Ng4 Qc6 33. gxf4 gxf4 34.
Raa1 h5 35. Nh2 Rg5+ 36. Kh1 e3+ 37. f3 Qxc2 38. Rg1 Rxg1+ 39. Rxg1+ Kf6 0-1

[Event "4NCL Division Three East"]
[Site "Warwick, ENG"]
[Date "2023.02.11"]
[Round "5.11"]
[White "Cooksey, Paul S"]
[Black "Smith, Olivia"]
[Result "1/2-1/2"]
[WhiteElo "2284"]
[BlackElo "2054"]
[PlyCount "84"]
[EventDate "2023.02.11"]
[WhiteTeam "Crowthorne A"]
[BlackTeam "Rhyfelwyr Essyllwg"]

1. d4 Nf6 2. Nf3 g6 3. c4 Bg7 4. Nc3 d6 5. e4 O-O 6. Be2 e5 7. Be3 Qe7 8. dxe5
dxe5 9. O-O c6 10. Nd2 Nbd7 11. Qa4 h6 12. b4 Rd8 13. c5 Nf8 14. Nc4 Be6 15. b5
Bxc4 16. Bxc4 Ng4 17. bxc6 bxc6 18. Qxc6 Rac8 19. Qa6 Ne6 20. c6 Nd4 21. Bd5
Kh7 22. Rab1 Nxc6 23. Bxc6 Nxe3 24. Nd5 Nxd5 25. Bxd5 Rc7 26. Rb3 Rd6 27. Qa4
Bf8 28. g3 Rb6 29. Rfb1 Rxb3 30. Rxb3 Qd7 31. Qxd7 Rxd7 32. Rb8 Kg7 33. Ra8 Bc5
34. Kg2 Rc7 35. f4 exf4 36. gxf4 g5 37. f5 Re7 38. Kf3 Bd6 39. h3 h5 40. a4 Be5
41. a5 Rc7 42. Re8 Kf6 1/2-1/2

[Event "4NCL Division Three East"]
[Site "Warwick, ENG"]
[Date "2023.02.11"]
[Round "5.12"]
[White "Brown, Thomas"]
[Black "Webb, Richard M"]
[Result "1/2-1/2"]
[WhiteElo "2099"]
[BlackElo "2190"]
[PlyCount "51"]
[EventDate "2023.02.11"]
[WhiteTeam "Rhyfelwyr Essyllwg"]
[BlackTeam "Crowthorne A"]

1. d4 Nf6 2. c4 g6 3. Nc3 d5 4. cxd5 Nxd5 5. e4 Nxc3 6. bxc3 Bg7 7. Be3 c5 8.
Rc1 Qa5 9. Qd2 cxd4 10. cxd4 Qxd2+ 11. Bxd2 O-O 12. Nf3 Bg4 13. Be3 Bxf3 14.
gxf3 Nc6 15. d5 Nd4 16. Bg2 Rfc8 17. Kd2 e6 18. Kd3 Nb5 19. Rxc8+ Rxc8 20. Rc1
Rxc1 21. Bxc1 exd5 22. exd5 Kf8 23. f4 Ke7 24. f5 Nd6 25. fxg6 hxg6 26. Ba3
1/2-1/2

[Event "4NCL Division Three East"]
[Site "Warwick, ENG"]
[Date "2023.02.11"]
[Round "5.13"]
[White "Thompson, Ian D"]
[Black "Young, Alan"]
[Result "0-1"]
[WhiteElo "2082"]
[BlackElo "2062"]
[PlyCount "82"]
[EventDate "2023.02.11"]
[WhiteTeam "Crowthorne A"]
[BlackTeam "Rhyfelwyr Essyllwg"]

1. c4 c5 2. Nc3 e6 3. Nf3 Nf6 4. d4 cxd4 5. Nxd4 d5 6. cxd5 Nxd5 7. Qa4+ Bd7 8.
Qb3 Nc6 9. Nxc6 Bxc6 10. Bd2 Be7 11. Rd1 O-O 12. e4 Nxc3 13. Bxc3 Qc7 14. Bd3
Bd6 15. h3 Be5 16. O-O Bxc3 17. Qxc3 Rac8 18. Qd4 Rfd8 19. Qxa7 Ra8 20. Qc5
Rxa2 21. b4 Qb8 22. Qb6 Ra8 23. b5 Be8 24. Be2 Rc8 25. Rc1 Ra2 26. Bc4 Rd2 27.
Qe3 Rdd8 28. e5 Rxc4 29. Rxc4 Bxb5 30. Rb4 Bxf1 31. Kxf1 Rd1+ 32. Ke2 Rd5 33.
f4 Qc8 34. Qb3 Qc1 35. Rxb7 Rd2+ 36. Kf3 Qf1+ 37. Ke4 Qxg2+ 38. Qf3 Qg6+ 39. f5
exf5+ 40. Ke3 Rd8 41. Ke2 Qa6+ 0-1

[Event "4NCL Division Three East"]
[Site "Warwick, ENG"]
[Date "2023.02.11"]
[Round "5.14"]
[White "Heaven, Pete"]
[Black "Purdon, Colin"]
[Result "1/2-1/2"]
[WhiteElo "1942"]
[BlackElo "1963"]
[PlyCount "77"]
[EventDate "2023.02.11"]
[WhiteTeam "Rhyfelwyr Essyllwg"]
[BlackTeam "Crowthorne A"]

1. e4 c6 2. d4 d5 3. exd5 cxd5 4. Bd3 Nc6 5. c3 Qc7 6. Ne2 Bg4 7. O-O Nf6 8. f3
Bd7 9. Qe1 e5 10. dxe5 Nxe5 11. Nd4 O-O-O 12. Bc2 Bd6 13. Bg5 Rde8 14. Qf2 Nc4
15. g3 h6 16. Bxf6 gxf6 17. Nd2 Nxb2 18. N2b3 Nc4 19. Rfe1 h5 20. Bf5 h4 21.
Nb5 Qb6 22. Qxb6 axb6 23. Nxd6+ Nxd6 24. Bxd7+ Kxd7 25. Nd4 hxg3 26. hxg3 Nc4
27. Rad1 Re5 28. f4 Reh5 29. Nf3 Kd6 30. Kf2 Ra8 31. Re2 Ra3 32. Rd3 Rh8 33. g4
Rha8 34. Nd2 Nxd2 35. Rexd2 R8a5 36. Ke3 Rxa2 37. Rxd5+ Rxd5 38. Rxa2 b5 39.
Ra8 1/2-1/2

[Event "4NCL Division Three East"]
[Site "Warwick, ENG"]
[Date "2023.02.11"]
[Round "5.15"]
[White "Duckers, Harvey L"]
[Black "Ralphs, Nigel"]
[Result "1/2-1/2"]
[WhiteElo "2058"]
[BlackElo "1965"]
[PlyCount "90"]
[EventDate "2023.02.11"]
[WhiteTeam "Crowthorne A"]
[BlackTeam "Rhyfelwyr Essyllwg"]

1. c4 c6 2. b4 d5 3. e3 Nf6 4. Bb2 Bf5 5. Nf3 e6 6. a3 Nbd7 7. Nc3 Be7 8. d4
O-O 9. Be2 dxc4 10. Bxc4 a5 11. b5 c5 12. O-O Nb6 13. Be2 Bg4 14. Ne5 cxd4 15.
Nxg4 dxc3 16. Bxc3 Nxg4 17. Bxg4 Bf6 18. Bxf6 Qxf6 19. Qe2 Rfd8 20. Rac1 Qe7
21. Bf3 Qxa3 22. Bxb7 Rab8 23. Ra1 Qe7 24. Be4 Qb4 25. Bd3 a4 26. Qc2 g6 27.
Rfb1 Qa5 28. Be4 Rbc8 29. Bc6 Rd2 30. Qc5 Rd5 31. Qe7 Rdd8 32. h4 h5 33. Rd1
Rxd1+ 34. Rxd1 Rf8 35. Qa3 Rb8 36. Qd6 Rf8 37. Qc5 Rb8 38. f4 Rc8 39. e4 a3 40.
f5 exf5 41. exf5 a2 42. Qe5 gxf5 43. Qf6 Nc4 44. Qg5+ Kf8 45. Qh6+ Kg8 1/2-1/2

[Event "4NCL Division Three East"]
[Site "Warwick, ENG"]
[Date "2023.02.11"]
[Round "5.16"]
[White "Trevelyan, John"]
[Black "Tart, Peter K"]
[Result "1/2-1/2"]
[WhiteElo "1882"]
[BlackElo "1861"]
[PlyCount "102"]
[EventDate "2023.02.11"]
[WhiteTeam "Rhyfelwyr Essyllwg"]
[BlackTeam "Crowthorne A"]

1. d4 f5 2. c4 Nf6 3. Nc3 e6 4. f4 b6 5. Nf3 Bb7 6. e3 Bb4 7. Bd2 O-O 8. Bd3 d6
9. O-O Bxc3 10. Bxc3 Ne4 11. Bxe4 Bxe4 12. Ng5 Qe8 13. Nxe4 fxe4 14. Qg4 Qf7
15. d5 exd5 16. cxd5 Nd7 17. Rad1 Rae8 18. Rf2 Re7 19. Rc2 Nc5 20. Rd4 a5 21.
Qd1 Qf5 22. g4 Qd7 23. Rg2 Qb5 24. h4 Nd3 25. h5 Qd7 26. Kh2 Qb5 27. g5 Qd7 28.
h6 g6 29. b3 Qf5 30. Qd2 Ref7 31. Kg3 Ne5 32. Ba1 Qg4+ 33. Kf2 Qh4+ 34. Kf1 Nf3
35. Qc3 Qh1+ 36. Kf2 Ne5 37. Rxe4 Qh4+ 38. Kg1 Nf3+ 39. Kf1 Qh1+ 40. Kf2 Ne5
41. Kg3 Rf5 42. Kf2 Qd1 43. Rd4 Qf3+ 44. Kg1 Ng4 45. Rd3 Ne5 46. Rdd2 Qe4 47.
Rdf2 R8f7 48. Kh2 Kf8 49. Kg3 Rxg5+ 50. fxg5 Qg4+ 51. Kh2 Qh5+ 1/2-1/2

[Event "4NCL Division Three East"]
[Site "Warwick, ENG"]
[Date "2023.02.11"]
[Round "5.21"]
[White "Granat, Russell G"]
[Black "Ortiz Sanchez, Luis"]
[Result "1/2-1/2"]
[WhiteElo "2277"]
[BlackElo "2024"]
[PlyCount "115"]
[EventDate "2023.02.11"]
[WhiteTeam "Guildford Castles"]
[BlackTeam "Iceni 1"]

1. Nf3 d5 2. g3 Nd7 3. Nc3 Ngf6 4. d4 Nb6 5. Bg2 Bf5 6. Ne5 e6 7. e3 h6 8. O-O
Be7 9. g4 Bh7 10. Ne2 Nbd7 11. Ng3 Nxe5 12. dxe5 Ne4 13. Qe2 Nxg3 14. hxg3 O-O
15. b3 f6 16. Qb5 Rb8 17. exf6 Bxf6 18. Ba3 Bxa1 19. Bxf8 Bf6 20. Bb4 Bxc2 21.
Rc1 Bg6 22. Qc5 Bb2 23. Rd1 a6 24. e4 c6 25. f4 Rc8 26. e5 b6 27. Qf2 c5 28.
Qxb2 cxb4 29. Qd4 Qc7 30. f5 exf5 31. Bxd5+ Kh7 32. gxf5 Bxf5 33. Qf4 Qc2 34.
Rd2 Qb1+ 35. Kh2 Bg6 36. e6 Qe1 37. Qf2 Qe5 38. Qf4 Qe1 39. Qf2 Rc1 40. Re2
Qxf2+ 41. Rxf2 Re1 42. g4 Re5 43. Rd2 Bb1 44. Kg3 Kg6 45. Bb7 Rxe6 46. Bxa6 Kf6
47. Bc4 Rc6 48. Kf4 Bg6 49. Bb5 Re6 50. Bd7 Re4+ 51. Kf3 Ke5 52. Bb5 Rd4 53.
Re2+ Kf6 54. Re1 Rd2 55. Rc1 Rc2 56. Rd1 Ke5 57. Re1+ Kf6 58. Rd1 1/2-1/2

[Event "4NCL Division Three East"]
[Site "Warwick, ENG"]
[Date "2023.02.11"]
[Round "5.22"]
[White "Hughes, Roy"]
[Black "Emerson, Roger"]
[Result "0-1"]
[WhiteElo "2044"]
[BlackElo "2184"]
[PlyCount "60"]
[EventDate "2023.02.11"]
[WhiteTeam "Iceni 1"]
[BlackTeam "Guildford Castles"]

1. d4 Nf6 2. Nf3 g6 3. g3 Bg7 4. Bg2 O-O 5. O-O d6 6. c4 Nbd7 7. Nc3 e5 8. Qc2
Re8 9. Rd1 c6 10. b3 a6 11. Ba3 e4 12. Ne1 d5 13. cxd5 cxd5 14. Na4 b5 15. Nc5
Nxc5 16. Qxc5 Bf8 17. Qc1 b4 18. Bb2 Bf5 19. e3 Qd7 20. Qd2 Bh3 21. Rdc1 Rec8
22. Rxc8 Rxc8 23. Rc1 Rxc1 24. Qxc1 Qf5 25. Qc7 Ng4 26. Qf4 Qh5 27. Bh1 g5 28.
Qc7 Nxe3 29. fxe3 Qe2 30. Qc1 Qf1# 0-1

[Event "4NCL Division Three East"]
[Site "Warwick, ENG"]
[Date "2023.02.11"]
[Round "5.23"]
[White "Punnett, Alan K"]
[Black "Sagues, Vincent"]
[Result "1/2-1/2"]
[WhiteElo "2146"]
[BlackElo "2067"]
[PlyCount "54"]
[EventDate "2023.02.11"]
[WhiteTeam "Guildford Castles"]
[BlackTeam "Iceni 1"]

1. e4 d5 2. exd5 Qxd5 3. Nc3 Qd8 4. d4 Nf6 5. Nf3 Bg4 6. h3 Bxf3 7. Qxf3 c6 8.
Be3 e6 9. Bd3 Nbd7 10. O-O Bd6 11. Rad1 O-O 12. Bg5 Qc7 13. Ne4 Nxe4 14. Qxe4
g6 15. a3 a5 16. c3 a4 17. Bb1 Rfe8 18. Rd2 Qa5 19. Qh4 Bf8 20. Rfd1 b5 21. Rd3
Qc7 22. Rf3 Nb6 23. Bf4 Qd7 24. Ba2 Nd5 25. Be5 Bg7 26. Re1 Qe7 27. Qxe7 Rxe7
1/2-1/2

[Event "4NCL Division Three East"]
[Site "Warwick, ENG"]
[Date "2023.02.11"]
[Round "5.24"]
[White "Calvert, D Ian"]
[Black "White, Nigel"]
[Result "1-0"]
[WhiteElo "2007"]
[BlackElo "2094"]
[PlyCount "130"]
[EventDate "2023.02.11"]
[WhiteTeam "Iceni 1"]
[BlackTeam "Guildford Castles"]

1. b3 Nf6 2. Bb2 g6 3. Nf3 Bg7 4. g3 O-O 5. Bg2 d6 6. d4 a5 7. c4 c6 8. O-O
Nbd7 9. Nc3 e5 10. e3 Re8 11. Qc2 Nf8 12. Rad1 Qe7 13. Qc1 e4 14. Nd2 Bf5 15.
Qa1 d5 16. cxd5 cxd5 17. a4 Qd7 18. Rc1 Ne6 19. Nb5 Bg4 20. Rfe1 h5 21. Ba3
Rec8 22. Rxc8+ Rxc8 23. Rc1 Be2 24. Rxc8+ Qxc8 25. Qc3 Qd7 26. Bf1 Bxf1 27.
Kxf1 Ng5 28. h4 Qh3+ 29. Ke2 Qg4+ 30. Ke1 Nf3+ 31. Nxf3 exf3 32. Qc2 Qh3 33.
Nc3 Qg2 34. Nd1 Ne4 35. Qd3 Bf8 36. Bxf8 Kxf8 37. Qb5 Kg7 38. Qf1 Kf6 39. Qb5
Qg1+ 40. Qf1 Qxf1+ 41. Kxf1 Kf5 42. Ke1 f6 43. Nb2 g5 44. Nd3 b6 45. Kf1 Nd6
46. hxg5 fxg5 47. Ne5 Ke4 48. Nd7 h4 49. gxh4 gxh4 50. Nf6+ Kd3 51. Nxd5 Kc2
52. Nxb6 Kxb3 53. Kg1 Ne4 54. d5 Kb4 55. Nc8 Kxa4 56. d6 Nxd6 57. Nxd6 Kb4 58.
Nf5 a4 59. Nd4 Kc3 60. Kh2 Kd2 61. e4 a3 62. e5 a2 63. e6 Kc3 64. e7 a1=Q 65.
e8=Q Qa7 1-0

[Event "4NCL Division Three East"]
[Site "Warwick, ENG"]
[Date "2023.02.11"]
[Round "5.25"]
[White "Shepley, Julien M"]
[Black "Lewis, Stephen"]
[Result "1-0"]
[WhiteElo "1970"]
[BlackElo "1966"]
[PlyCount "125"]
[EventDate "2023.02.11"]
[WhiteTeam "Guildford Castles"]
[BlackTeam "Iceni 1"]

1. e4 d5 2. exd5 Qxd5 3. Nf3 Bg4 4. Be2 Nc6 5. d4 e6 6. c4 Qd7 7. Nc3 Bb4 8. d5
exd5 9. cxd5 Bxf3 10. Bxf3 Nce7 11. Qb3 Bxc3+ 12. bxc3 c6 13. dxc6 Nxc6 14. O-O
Nge7 15. Re1 O-O 16. Ba3 Rfe8 17. Rad1 Qc7 18. Bd6 Qb6 19. Qxb6 axb6 20. Bxe7
Rxe7 21. Rxe7 Nxe7 22. Bxb7 Re8 23. g3 Kf8 24. Rd6 Rb8 25. Rxb6 Nd5 26. Rb3
Nxc3 27. Rxc3 Rxb7 28. a4 Ra7 29. Rc4 Ke7 30. Kf1 h5 31. h4 Kd6 32. Ke2 g6 33.
Kd3 Kd5 34. Kc3 Ra6 35. Rf4 Rc6+ 36. Kb4 Rb6+ 37. Ka5 Rb2 38. Rxf7 Kc5 39. Rf4
Rb8 40. Ka6 Rb6+ 41. Ka7 Re6 42. Kb7 Rb6+ 43. Kc7 Ra6 44. Kd7 Kd5 45. Ke7 Ke5
46. Kf7 Rb6 47. a5 Ra6 48. Ra4 Kf5 49. Ke7 Ke5 50. Kd7 Kd5 51. Kc7 Kc5 52. Kb7
Kb5 53. Re4 Rf6 54. Re5+ Kc4 55. f4 Rf7+ 56. Kc6 Rf6+ 57. Kd7 Ra6 58. Ke7 Kd4
59. Kf7 Kd3 60. Re6 Rxa5 61. Kxg6 Kd4 62. Re5 Ra3 63. Rg5 1-0

[Event "4NCL Division Three East"]
[Site "Warwick, ENG"]
[Date "2023.02.11"]
[Round "5.26"]
[White "Gibbs, Dominic V"]
[Black "Stimpson, Philip M"]
[Result "1-0"]
[WhiteElo "1966"]
[BlackElo "1926"]
[PlyCount "95"]
[EventDate "2023.02.11"]
[WhiteTeam "Iceni 1"]
[BlackTeam "Guildford Castles"]

1. Nf3 d5 2. e3 Nf6 3. c4 c6 4. b3 Bg4 5. Bb2 e6 6. h3 Bxf3 7. Qxf3 Nbd7 8. Be2
Bd6 9. cxd5 exd5 10. O-O O-O 11. d3 Qe7 12. g3 Rae8 13. Nd2 Qe6 14. Qg2 Ne5 15.
Nf3 Nxf3+ 16. Bxf3 Be5 17. Bxe5 Qxe5 18. d4 Qd6 19. a3 Ne4 20. Bxe4 Rxe4 21. b4
f5 22. Ra2 Rf6 23. Re2 f4 24. Qh2 Rg6 25. g4 f3 26. Qxd6 Rxd6 27. Rb2 h5 28.
gxh5 Rh6 29. Kh2 Rxh5 30. Rg1 a6 31. Rbb1 Kf8 32. Rg3 Rf5 33. Rbg1 Rf7 34. Rg4
Re6 35. Kg3 Ke8 36. Rd1 Kd7 37. Rf4 Ref6 38. h4 b6 39. Kxf3 Rxf4+ 40. exf4 Kd6
41. Rg1 Re7 42. Rg6+ Kc7 43. h5 b5 44. f5 Kb6 45. Re6 Rc7 46. Kf4 a5 47. Kg5
axb4 48. axb4 1-0

[Event "4NCL Division Three East"]
[Site "Warwick, ENG"]
[Date "2023.02.11"]
[Round "5.31"]
[White "Graham, David B"]
[Black "Seymour, Timothy P"]
[Result "1/2-1/2"]
[WhiteElo "2187"]
[BlackElo "2093"]
[PlyCount "106"]
[EventDate "2023.02.11"]
[WhiteTeam "Sussex Martlets 2"]
[BlackTeam "Surbiton"]

1. e4 e5 2. Nf3 Nc6 3. Bc4 Bc5 4. c3 Nf6 5. d4 exd4 6. cxd4 Bb4+ 7. Bd2 Nxe4 8.
Bxb4 Nxb4 9. Bxf7+ Kxf7 10. Qb3+ Kf8 11. Qxb4+ Qe7 12. Qxe7+ Kxe7 13. Nc3 Nf6
14. O-O-O d6 15. Rhe1+ Kd8 16. Ng5 Rf8 17. d5 h6 18. Ne6+ Bxe6 19. dxe6 Ke7 20.
f4 c6 21. f5 g6 22. fxg6 Rg8 23. Ne2 Rxg6 24. Nf4 Rg5 25. Rd3 Nh5 26. Nxh5 Rxh5
27. Rg3 Rg5 28. Rf3 Rf8 29. Rxf8 Kxf8 30. e7+ Ke8 31. Re6 Rxg2 32. Rxh6 d5 33.
Rh5 Kxe7 34. Rh7+ Kd6 35. Rxb7 a5 36. Ra7 Rxh2 37. Rxa5 c5 38. Ra3 d4 39. Rg3
Kd5 40. Rg1 Re2 41. Rg5+ Kc4 42. Rg4 Kd3 43. Rg3+ Ke4 44. Rh3 c4 45. Rh4+ Kd3
46. Rh3+ Re3 47. Rh1 Rg3 48. Rd1+ Ke3 49. Re1+ Kf2 50. Re4 Rd3 51. Kc2 Kf3 52.
Rh4 Kg3 53. Re4 Kf3 1/2-1/2

[Event "4NCL Division Three East"]
[Site "Warwick, ENG"]
[Date "2023.02.11"]
[Round "5.32"]
[White "Scott, David A"]
[Black "Rogacewicz, Mikolaj"]
[Result "0-1"]
[WhiteElo "2118"]
[BlackElo "2003"]
[PlyCount "124"]
[EventDate "2023.02.11"]
[WhiteTeam "Surbiton"]
[BlackTeam "Sussex Martlets 2"]

1. d4 e6 2. c4 b6 3. a3 Bb7 4. Nc3 g6 5. e4 Bg7 6. Nf3 d5 7. cxd5 exd5 8. e5
Ne7 9. h4 O-O 10. h5 Bc8 11. h6 Bh8 12. Bg5 f6 13. exf6 Bxf6 14. Qd2 Nbc6 15.
Bxf6 Rxf6 16. Ne5 Re6 17. f4 Nf5 18. Ne2 Ba6 19. g4 Nfe7 20. f5 Nxe5 21. dxe5
Rxe5 22. O-O-O Bxe2 23. Bxe2 Qd6 24. Bd3 Rf8 25. fxg6 Nxg6 26. Bf5 c6 27. Qd3
Rfe8 28. Kb1 Kf7 29. Rdf1 Ke7 30. Qa6 Qc7 31. Bxg6 hxg6 32. Qd3 Qd6 33. Qf3 Qe6
34. h7 Rh8 35. Qf8+ Rxf8 36. Rxf8 Re1+ 37. Rxe1 Qxe1+ 38. Ka2 Kxf8 39. h8=Q+
Kf7 40. g5 Qe6 41. Qh7+ Kf8 42. Qxa7 d4+ 43. Ka1 d3 44. Qxb6 Qd6 45. Qf2+ Ke7
46. Qd2 Qd4 47. Kb1 Kd6 48. Qc3 Qg1+ 49. Ka2 Qxg5 50. Qb4+ c5 51. Qb8+ Kd5 52.
Qb3+ Ke4 53. Qc4+ Ke3 54. Qe6+ Kd4 55. Kb1 Qf5 56. Qd6+ Ke4 57. Qc6+ Ke3 58.
Qh1 d2+ 59. Ka1 Qf3 60. Qg1+ Ke2 61. Qh2+ Qf2 62. Qe5+ Kf1 0-1

[Event "4NCL Division Three East"]
[Site "Warwick, ENG"]
[Date "2023.02.11"]
[Round "5.33"]
[White "Ursell, Adam R"]
[Black "Faulks, Nick"]
[Result "0-1"]
[WhiteElo "1927"]
[BlackElo "1802"]
[PlyCount "110"]
[EventDate "2023.02.11"]
[WhiteTeam "Sussex Martlets 2"]
[BlackTeam "Surbiton"]

1. e4 c5 2. Nf3 e6 3. b3 b6 4. Bb2 Bb7 5. d3 Nc6 6. g3 Nf6 7. Bg2 h5 8. h3 Qc7
9. Qe2 Rc8 10. Nbd2 Nd4 11. Qd1 d5 12. exd5 Nxd5 13. O-O Be7 14. c4 Nb4 15.
Nxd4 Bxg2 16. Kxg2 cxd4 17. Bxd4 Rd8 18. Nf3 h4 19. Be5 Qc6 20. d4 f6 21. Bf4
g5 22. Be3 hxg3 23. fxg3 Qe4 24. Re1 Nc2 25. Qd2 Nxe1+ 26. Rxe1 g4 27. hxg4
Qxg4 28. Bf4 Kf7 29. Rf1 Rh5 30. Qe2 Rg8 31. Re1 Bb4 32. Rf1 Qxf4 33. Qf2 Bd6
34. Ne5+ Bxe5 35. Qxf4 Bxf4 36. Rxf4 Rhg5 37. Rf3 Rg4 38. d5 exd5 39. cxd5 Rd4
40. Rc3 Re8 41. Rc7+ Re7 42. Rc2 Rxd5 43. Kf3 Red7 44. Kg4 Rd2 45. Rc6 Rxa2 46.
Kf5 Rf2+ 47. Kg4 Rd4+ 48. Kh3 Ra2 49. b4 Rxb4 50. g4 Ra3+ 51. Kh4 Raa4 52. Kh5
Rb1 53. Rc7+ Ke6 54. Rc6+ Ke5 55. g5 fxg5 0-1

[Event "4NCL Division Three East"]
[Site "Warwick, ENG"]
[Date "2023.02.11"]
[Round "5.34"]
[White "Davies, Neil"]
[Black "Graham, William M"]
[Result "1/2-1/2"]
[WhiteElo "1844"]
[BlackElo "1995"]
[PlyCount "158"]
[EventDate "2023.02.11"]
[WhiteTeam "Surbiton"]
[BlackTeam "Sussex Martlets 2"]

1. d4 Nf6 2. Nf3 g6 3. g3 Bg7 4. Bg2 O-O 5. c4 d6 6. O-O Nc6 7. Nc3 Bg4 8. h3
Bxf3 9. Bxf3 Nd7 10. e3 e5 11. d5 Ne7 12. e4 f5 13. Be3 h6 14. Bg2 f4 15. Bd2
Kh7 16. g4 Bf6 17. f3 Bh4 18. Be1 Bxe1 19. Qxe1 g5 20. h4 a5 21. h5 Nc8 22. Qd2
Ncb6 23. b3 Qe7 24. Rfc1 Nf6 25. Qf2 Nbd7 26. Na4 b6 27. Bf1 Nc5 28. Nxc5 bxc5
29. a4 Qd7 30. Rc3 Rg8 31. Be2 Rab8 32. Rd1 Qf7 33. Kf1 Kg7 34. Ke1 Kf8 35. Kd2
Ke7 36. Kc2 Kd7 37. Kb2 Kc8 38. Ka2 Kb7 39. Rcd3 Ka6 40. R1d2 Rb4 41. Bd1 Rgb8
42. Rc3 Nd7 43. Qe2 Nb6 44. Qd3 Qe8 45. Re2 Qc8 46. Qc2 Nd7 47. Rd2 R8b7 48.
Qd3 Ka7 49. Qc2 Nb8 50. Ka3 Na6 51. Qc1 R4b6 52. Rb2 Nb4 53. Rd2 Rb8 54. Rb2
Qb7 55. Rd2 Rd8 56. Bc2 c6 57. Qd1 cxd5 58. exd5 Nxc2+ 59. Qxc2 Qf7 60. Qe4
Rdb8 61. Re2 Rb4 62. Qc2 Qf6 63. Re4 R4b7 64. Ka2 Qf7 65. Re2 Qe8 66. Re4 Re7
67. Qc1 Rb4 68. Qc2 Ka6 69. Rd3 Qb8 70. Rc3 Qg8 71. Rd3 Qh7 72. Rc3 Rb8 73. Rd3
Rf8 74. Qe2 Rg7 75. Rc3 Qg8 76. Rd3 Qf7 77. Rc3 Qb7 78. Qc2 Qb4 79. Qc1 Qb7
1/2-1/2

[Event "4NCL Division Three East"]
[Site "Warwick, ENG"]
[Date "2023.02.11"]
[Round "5.35"]
[White "Higgs, Anthony R J"]
[Black "Alcock, Graham P"]
[Result "1/2-1/2"]
[WhiteElo "1952"]
[BlackElo "1758"]
[PlyCount "116"]
[EventDate "2023.02.11"]
[WhiteTeam "Sussex Martlets 2"]
[BlackTeam "Surbiton"]

1. d4 Nf6 2. Nc3 g6 3. Bf4 d6 4. Qd2 Bg7 5. h3 c6 6. Nf3 Nbd7 7. Bh6 O-O 8.
Bxg7 Kxg7 9. e4 e5 10. O-O-O Qa5 11. Re1 a6 12. Re3 b5 13. Nh4 b4 14. Nb1 Qb6
15. dxe5 dxe5 16. g4 Nc5 17. Bc4 Be6 18. Bxe6 Nxe6 19. Qd6 Qd4 20. Rd1 Qxd6 21.
Rxd6 c5 22. Nf3 Nf4 23. Nxe5 Rfe8 24. g5 N6h5 25. Nd3 Ne6 26. h4 Red8 27. Rxd8
Rxd8 28. Nd2 Nhf4 29. Nxf4 Nxf4 30. Nf3 c4 31. e5 Nh3 32. Re2 c3 33. Ne1 Rd4
34. bxc3 bxc3 35. Nd3 Rxh4 36. Re1 Nxg5 37. Kd1 Ne6 38. Re3 Nd4 39. Ne1 Nb5 40.
e6 fxe6 41. Rxe6 Ra4 42. Re7+ Kh6 43. Ke2 Rxa2 44. f4 Ra4 45. Ng2 Rd4 46. Kf3
Rd2 47. Ne3 Nd4+ 48. Ke4 Nxc2 49. Ng4+ Kh5 50. Nf6+ Kh4 51. Rxh7+ Kg3 52. Nd5
Rd4+ 53. Ke5 Rc4 54. Rg7 Kf3 55. Rxg6 Re4+ 56. Kd6 Rc4 57. Re6 a5 58. f5 Nd4
1/2-1/2

[Event "4NCL Division Three East"]
[Site "Warwick, ENG"]
[Date "2023.02.11"]
[Round "5.36"]
[White "Boughen, Andrew"]
[Black "Nguyen, Anh"]
[Result "1-0"]
[WhiteElo "1706"]
[BlackElo "1764"]
[PlyCount "69"]
[EventDate "2023.02.11"]
[WhiteTeam "Surbiton"]
[BlackTeam "Sussex Martlets 2"]

1. d4 Nf6 2. c4 g6 3. Nc3 Bg7 4. e4 d6 5. Nf3 O-O 6. Be2 e5 7. O-O Nc6 8. d5
Ne7 9. Ne1 Nd7 10. Be3 f5 11. f3 f4 12. Bf2 g5 13. b4 h5 14. c5 Nf6 15. Rc1 Ne8
16. Nd3 Rf6 17. cxd6 cxd6 18. Nb5 b6 19. Nb2 a6 20. Nc3 b5 21. a4 Rb8 22. axb5
axb5 23. Nxb5 Ng6 24. Na7 Bd7 25. b5 Ne7 26. Nc6 Nxc6 27. dxc6 Bc8 28. Na4 Qe7
29. b6 Rg6 30. c7 Ra8 31. Qd5+ Kh7 32. Qxa8 g4 33. Qxc8 g3 34. Qh3 gxf2+ 35.
Rxf2 1-0

[Event "4NCL Division Three East"]
[Site "Warwick, ENG"]
[Date "2023.02.11"]
[Round "5.41"]
[White "Freeman, Richard C P"]
[Black "Nelson, Omowale"]
[Result "1/2-1/2"]
[WhiteElo "2029"]
[BlackElo "1995"]
[PlyCount "57"]
[EventDate "2023.02.11"]
[WhiteTeam "MK Phoenix 1"]
[BlackTeam "Watford A"]

1. e4 c6 2. d4 d5 3. exd5 cxd5 4. Bf4 Nc6 5. c3 g6 6. Nf3 Bg7 7. Nbd2 Nf6 8. h3
O-O 9. Bd3 Nd7 10. O-O e5 11. dxe5 Ndxe5 12. Bc2 Nc4 13. Nxc4 dxc4 14. Qxd8
Rxd8 15. Rad1 Be6 16. Bc7 Rxd1 17. Rxd1 Rc8 18. Bf4 h6 19. Be3 b5 20. Nd4 Nxd4
21. Bxd4 a5 22. a3 Rb8 23. Ba7 Rb7 24. Bc5 Bf6 25. Be4 Rd7 26. Rxd7 Bxd7 27.
Bb6 h5 28. Kf1 a4 29. Ke2 1/2-1/2

[Event "4NCL Division Three East"]
[Site "Warwick, ENG"]
[Date "2023.02.11"]
[Round "5.42"]
[White "Van Essen, Luuk"]
[Black "Brown, Alan M"]
[Result "1-0"]
[WhiteElo "1965"]
[BlackElo "1997"]
[PlyCount "73"]
[EventDate "2023.02.11"]
[WhiteTeam "Watford A"]
[BlackTeam "MK Phoenix 1"]

1. d4 Nf6 2. c4 e6 3. Nf3 Bb4+ 4. Bd2 Qe7 5. a3 Bxd2+ 6. Nbxd2 d6 7. e4 e5 8.
d5 O-O 9. Bd3 a5 10. b4 Na6 11. c5 dxc5 12. bxa5 Bg4 13. O-O Nb8 14. Nc4 Nbd7
15. Rb1 Rfb8 16. h3 Bxf3 17. Qxf3 Ne8 18. Rb3 Nd6 19. Rfb1 Nxc4 20. Bxc4 Rxa5
21. Rxb7 Rxb7 22. Rxb7 Qd6 23. Bb5 Ra8 24. Bc6 Rd8 25. a4 Nb8 26. Bb5 g6 27. a5
Rf8 28. Qe2 Nd7 29. Bxd7 Qxd7 30. Qc4 Qd6 31. a6 Ra8 32. a7 Kg7 33. Qa4 Qd8 34.
Qb5 Qe7 35. Qa5 Qd8 36. Qxc5 Rc8 37. Qb5 1-0

[Event "4NCL Division Three East"]
[Site "Warwick, ENG"]
[Date "2023.02.11"]
[Round "5.43"]
[White "Elwin, Adrian G"]
[Black "Rubeck, Jonathan"]
[Result "0-1"]
[WhiteElo "1958"]
[BlackElo "1886"]
[PlyCount "144"]
[EventDate "2023.02.11"]
[WhiteTeam "MK Phoenix 1"]
[BlackTeam "Watford A"]

1. d4 Nf6 2. c4 g6 3. Nc3 Bg7 4. e4 d6 5. Be2 O-O 6. Nf3 Na6 7. h3 e5 8. dxe5
dxe5 9. Qxd8 Rxd8 10. Bg5 Re8 11. O-O-O c6 12. Rhe1 h6 13. Be3 Nh5 14. Bf1 Nc7
15. g3 a6 16. Bb6 Ne6 17. Re2 Ng5 18. Nxg5 hxg5 19. Be3 g4 20. h4 f5 21. Bg5 f4
22. gxf4 exf4 23. Red2 f3 24. Bd3 Be5 25. Rg1 Be6 26. Nd1 b5 27. Ne3 g3 28.
fxg3 Nxg3 29. b3 Ra7 30. h5 Rd7 31. Nf1 Rxd3 32. Rxg3 Rxd2 33. Kxd2 Bxg3 34.
Nxg3 bxc4 35. hxg6 cxb3 36. axb3 Rb8 37. Bh6 Rb5 38. b4 Bg4 39. Ke3 Bh5 40.
Nxh5 Rxh5 41. Bf4 Kg7 42. Kxf3 Kxg6 43. Ke3 Kf6 44. Kd4 Ke6 45. Bc7 Rb5 46. Kc4
Kd7 47. Bf4 Ke6 48. Bc7 Kd7 49. Bf4 a5 50. bxa5 Rxa5 51. Bd2 Rh5 52. Bb4 Ke6
53. Kd4 Rh1 54. Bc3 Rc1 55. Bb2 c5+ 56. Kd3 Rb1 57. Bc3 Kd6 58. Kc4 Kc6 59. Bd2
Rd1 60. Bc3 Rh1 61. Bf6 Re1 62. Kd3 Kb5 63. Bc3 c4+ 64. Kd4 Rd1+ 65. Ke5 Rd3
66. Bb2 c3 67. Bc1 Kc6 68. Ke6 Rd6+ 69. Ke7 Rd4 70. e5 Kd5 71. Kf6 Re4 72. e6
Rxe6+ 0-1

[Event "4NCL Division Three East"]
[Site "Warwick, ENG"]
[Date "2023.02.11"]
[Round "5.44"]
[White "Lancaster, Roger"]
[Black "Lambourne, Dan M"]
[Result "0-1"]
[WhiteElo "1956"]
[BlackElo "1963"]
[PlyCount "60"]
[EventDate "2023.02.11"]
[WhiteTeam "Watford A"]
[BlackTeam "MK Phoenix 1"]

1. e4 d6 2. Nc3 Nf6 3. d4 c6 4. Bd3 Qc7 5. f4 e5 6. Nf3 Bg4 7. Be2 Nbd7 8. Be3
Be7 9. h3 Bxf3 10. gxf3 Nh5 11. fxe5 Bh4+ 12. Bf2 Bxf2+ 13. Kxf2 dxe5 14. Rg1
g6 15. d5 Nf4 16. Kg3 Nf6 17. Bc4 Rd8 18. Qf1 O-O 19. dxc6 Qxc6 20. Bd3 N6h5+
21. Kh2 Qb6 22. b3 Qb4 23. Ne2 Nxd3 24. cxd3 Rxd3 25. Rg2 Rfd8 26. Re1 Rd2 27.
Ng3 Nf4 28. Rxd2 Rxd2+ 29. Kh1 Rxa2 30. Rd1 Qxb3 0-1